000
00202 a2200097 4500
001
21080
100
_a
Smith, A W
245
_a
Elements of Physics
260
_a
_b
McGraw-
_c
1964
090
_c
15061
_d
15061
942
_a
NUST-CAE
_c
M
_c
5627
999
_c
256153
_d
256153